Elliptic Curve based Signcryption and its Multiple Recipient Scheme for Firewall Implementation / (Record no. 608023)
[ view plain ]
| 000 -LEADER | |
|---|---|
| fixed length control field | 00725nam a22001457a 4500 |
| 040 ## - CATALOGING SOURCE | |
| Transcribing agency | MCs (NUST) |
| 082 ## - DEWEY DECIMAL CLASSIFICATION NUMBER | |
| Classification number | 005.8,AHM |
| 100 ## - MAIN ENTRY--PERSONAL NAME | |
| Personal name | Ahmad, Farhan |
| 9 (RLIN) | 35104 |
| 245 ## - TITLE STATEMENT | |
| Title | Elliptic Curve based Signcryption and its Multiple Recipient Scheme for Firewall Implementation / |
| Statement of responsibility, etc. | Farhan Ahmad |
| 260 ## - PUBLICATION, DISTRIBUTION, ETC. | |
| Place of publication, distribution, etc. | Rawalpindi |
| Name of publisher, distributor, etc. | MCS (NUST) |
| Date of publication, distribution, etc. | Dec 2011 |
| 300 ## - PHYSICAL DESCRIPTION | |
| Extent | ix,89 p. |
| 505 ## - FORMATTED CONTENTS NOTE | |
| Formatted contents note | Introduction (Page-1), Analysis of Existing Signcryption Schemes Based on DLP (Page-12), Analysis of Signcryption Schemes Based on ECDLP (Page-42), Proposed Scheme (page-700, Analysis of Proposed Scheme (Page-74), Proposed Schemes for Multiple Recipients (Page-83), Conclusion (Page-86). |
| 650 ## - SUBJECT ADDED ENTRY--TOPICAL TERM | |
| Topical term or geographic name entry element | PG Thesis |
| 9 (RLIN) | 35000 |
| 942 ## - ADDED ENTRY ELEMENTS (KOHA) | |
| Source of classification or shelving scheme | |
| Koha item type | Thesis |
| Call number prefix | 005.8,AHM |
| Withdrawn status | Lost status | Source of classification or shelving scheme | Damaged status | Not for loan | Permanent Location | Current Location | Shelving location | Date acquired | Total Checkouts | Full call number | Barcode | Date last seen | Price effective from | Koha item type | Public note |
|---|---|---|---|---|---|---|---|---|---|---|---|---|---|---|---|
| Military College of Signals (MCS) | Military College of Signals (MCS) | Thesis | 02/22/2024 | 005.8,AHM | MCSTIS-403 | 02/22/2024 | 02/22/2024 | Thesis | Only Hard Copy Available |
